000 00430nam a2200181Ia 4500
001 10097
005 20260306161806.0
008 260306t1973||||xx |||||||||||||| ||spa||
041 _aESP
082 _aRU 891.7
_bP98
100 _aPuschkin, Alejandro Serguief
_eAUT
245 0 _aDunya y otros relatos
260 _c1973
300 _a222 páginas :
_c18 cm.
650 _aGEN
654 _aCHU
942 _cLIB
_dJUS
_fJUS
_2ddc
_n
999 _c10097
_d10097